| 000 | 00550nam a22002297a 4500 | ||
|---|---|---|---|
| 003 | UA-OsUOA | ||
| 001 | 48429 | ||
| 007 | ta | ||
| 008 | 20070906b un ||||| |||| 00| 0 ukr d | ||
| 100 | _aВалицкая А. П. | ||
| 090 |
_a18 _bВ15 |
||
| 942 | _cBK | ||
| 040 |
_aUA-OsUOA _brus _cUA-OsUOA _dUA-OsUOA |
||
| 245 | _aРусская эстетика ХVIII века | ||
| 300 | _a238 с. | ||
| 955 | _a2 | ||
| 041 | _arus | ||
| 080 | _a18 | ||
| 260 |
_aК. _c1983 |
||
| 650 | 7 |
_a1 Філософські науки _2UDC |
|
| 999 |
_c334534 _d334534 |
||